ARRUPE JESUIT UNIVERSITY

CORONAVIRUS -STOP THE SPREAD - CLEAN,DISINFECT,COVER

Physics (Record no. 55041)

MARC details
000 -LEADER
fixed length control field 00412nam a2200181Ia 4500
003 - CONTROL NUMBER IDENTIFIER
control field 0100
008 - FIXED-LENGTH DATA ELEMENTS--GENERAL INFORMATION
fixed length control field 130303s9999 xx 000 0 und d
040 ## - CATALOGING SOURCE
Transcribing agency ARRUPELIB
050 ## - LIBRARY OF CONGRESS CALL NUMBER
Classification number QC31.B4 1952
100 ## - MAIN ENTRY--PERSONAL NAME
Personal name Bennett, Clarence Edwin
245 ## - TITLE STATEMENT
Title Physics
245 ## - TITLE STATEMENT
Remainder of title a digest of the first-year college course
260 ## - PUBLICATION, DISTRIBUTION, ETC. (IMPRINT)
Place of publication, distribution, etc NY
260 ## - PUBLICATION, DISTRIBUTION, ETC. (IMPRINT)
Name of publisher, distributor, etc Barnes Noble
260 ## - PUBLICATION, DISTRIBUTION, ETC. (IMPRINT)
-- 1952
300 ## - PHYSICAL DESCRIPTION
Extent 208p
942 00 - ADDED ENTRY ELEMENTS (KOHA)
Koha issues (borrowed), all copies 4
Holdings
Withdrawn status Lost status Source of classification or shelving scheme Damaged status Not for loan Collection code Home library Current library Shelving location Date acquired Total Checkouts Full call number Barcode Date last seen Date checked out Copy number Price effective from Koha item type
    Library of Congress Classification     Main Collection ARRUPE LIBRARY ARRUPE LIBRARY   04/03/2013 14 QC31.B4 1952 46003069964 21/08/2019 13/05/2019 1 04/03/2013 Monograph ( Printed materials)

 

Arrupe Library. PO Box MP320 Mt Pleasant, Harare, Zimbabwe
263 242 745411|librarian@aju.ac.zw